| 000 | 00878nam a2200229Ia 4500 | ||
|---|---|---|---|
| 003 | GCL | ||
| 008 | 140319s9999 xx 000 0 ara d | ||
| 040 |
_aGCL / _cGCL |
||
| 082 | 0 | 4 |
_a940.18 _bس ك |
| 100 | 1 | _aسمير الخادم | |
| 245 | 1 | 0 |
_aكتاب الاسرار : _bللمؤمنيين بالصليب فى استرجاع الارض المقدسة والحفاظ عليها / _cسمير الخادم |
| 700 | 1 | _aسانوتو، مارينو | |
| 700 | 1 | _aرونكاليا، بللغرينو | |
| 700 | 1 | _aسليم رزق الله (ترجمة) | |
| 260 |
_aبيروت : _bمؤسسة دار الريحانى للطباعة والنشر ، _c1991 |
||
| 300 |
_a333 ص ؛ _c24 سم |
||
| 490 | _a | ||
| 650 | 0 | 4 | _aالحروب الصليبية |
| 650 | 0 | 4 | _aالمسيحية - تاريخ |
| 650 | 0 | 4 | _aالحملة الصليبية - تاريخ |
| 942 |
_2ddc _cBK |
||
| 999 |
_c45499 _d45499 |
||